Джаз (Запис номер 120557)
[ съкратено ]
| 000 -Лидер | |
|---|---|
| Контролно поле с фиксирана дължина | 01596nam a2200409 a 4500 |
| 003 - Код на организацията, давaща контролен номер | |
| Контролно поле | BLK |
| 005 - Дата и час на последна редакция | |
| Контролно поле | 20250519092314.0 |
| 008 - Елементи от данни с фиксирана дължина | |
| fixed length control field | 180409b bul|||||r ||||||| ||bul|| |
| 010 ## - Наследен системен номер | |
| LC control number | KNG00126173000 |
| 040 ## - Източник на каталожния запис | |
| Идентификатор на билиотеката - собственик на записа | BLK |
| 041 ## - Код за език | |
| Код за езика на текст/звукозапис или на отделно заглавие | Руски |
| Код за езика КДБФ | Руски |
| 080 ## - УДК | |
| Текстов определител УДК | Салонни и танцови оркестри. Естраден оркестър. Джаз. Рок |
| УДК код - определител по УДК | 785.161 |
| УДК - код + определител | 785.161 |
| 100 1# - Редна дума - Автор | |
| Автор | Сарджент, Уинтроп |
| Авторска отговорност | първи автор |
| R(LIN) | 118998 |
| 139 ## - Редно поле | |
| Редна дума | Сарджент, Уинтроп |
| Авторски знак | Сар - С 20 |
| 245 10 - Сведения за заглавието | |
| Заглавие | Джаз |
| Подзаглавни данни | Генезис : Музыкальный язык : Эстетика |
| Редно поле (дума) | Уинтроп Сарджент. |
| 257 ## - Страна на издаване | |
| Страна на създаване/издаване | Съединени американски щати |
| 260 ## - Област на издателските данни | |
| Място на издаване, разпространение и проч. | Москва |
| Име на издателя, разпространителя и проч. | Музыка |
| Година на издаване | 1987 |
| 300 ## - Физическа характеристика | |
| Страници | 296 с. |
| Илюстрации и др. | с ноти |
| Размери/Мащаб | 21 см |
| 380 ## - Жанр | |
| Жанр | Изкуство |
| 500 ## - Общи забележки | |
| Забележка | Библиогр. с. 265 - 285. - Именен указател. - Бел. под линия. - Речник на термините. |
| 650 #4 - Допълнително описание по предмет – тема | |
| Основно описание – тема или топоним | Джаз - история |
| 9 (RLIN) | 282905 |
| 650 #4 - Допълнително описание по предмет – тема | |
| Основно описание – тема или топоним | Оркестри, джазови, естрадни |
| 9 (RLIN) | 277971 |
| 653 ## - Ключова дума – ненормативна | |
| Ключова дума | джаз |
| 653 ## - Ключова дума – ненормативна | |
| Ключова дума | история |
| 653 ## - Ключова дума – ненормативна | |
| Ключова дума | естетика |
| 653 ## - Ключова дума – ненормативна | |
| Ключова дума | произход |
| 653 ## - Ключова дума – ненормативна | |
| Ключова дума | хармония |
| 653 ## - Ключова дума – ненормативна | |
| Ключова дума | джазови оркестри |
| 653 ## - Ключова дума – ненормативна | |
| Ключова дума | музикални жанрове |
| 852 ## - Местоположение | |
| Форматна сигнатура | Цб 148941 |
| 856 4# - Електронен адрес и достъп | |
| Електронен формат | pdf - файл |
| Инструкция (цена за достъп) | 0.00 |
| Права за достъп | disable |
| 856 4# - Електронен адрес и достъп | |
| Електронен формат | pdf - файл |
| Инструкция (цена за достъп) | 0.00 |
| Права за достъп | disable |
| 999 ## - СИСТЕМНИ КОНТРОЛНИ НОМЕРА | |
| Koha biblionumber | 120557 |
| Koha biblioitemnumber | 120557 |
| 942 ## - АРТИКУЛИ | |
| Вид на библиотечния материал | Книги |
| Скрит в OPAC | Не |
| Периодичен библиозапис | Да |
| Koha issues (borrowed), all copies | 1 |
| 944 ## - СЪЗДАВАНЕ И РЕДАКЦИЯ на ЗАПИСА | |
| Създаване/Редакция | Създаване |
| Дата на регистрацията/редакция | 24.10.2011 |
| Статус, дата на статуса | Русанова Ирена |
| Служител, извършил регистрацията/редакцията | 30542 |
| 944 ## - СЪЗДАВАНЕ И РЕДАКЦИЯ на ЗАПИСА | |
| Създаване/Редакция | Редакция |
| Дата на регистрацията/редакция | 2023-05-10 |
| Статус, дата на статуса | 2023-05-10 |
| 999 ## - СИСТЕМНИ КОНТРОЛНИ НОМЕРА | |
| Koha biblioitemnumber | 120557 |
| Код за отписване | Код за изгубен артикул | Източник на класификационната схема | Код за повреда | Коз за рестрикции | Код за отдаване | Артикулен № | Име на библиотеката - собственик | Име на библиотеката, в която се намира в момента | Статус (Текущо местоположение) | Дата на вписване в системата | Местоположение - отдел | Цена в лева | Инвентарен номер | Систематично азбучна сигнатура | Баркод | Номер на екземпляра | Цена в евро | Служебна бележка | Служебен тип на артикула |
|---|---|---|---|---|---|---|---|---|---|---|---|---|---|---|---|---|---|---|---|
| Изтеглен | Не е изгубен | Universal Decimal Classification | Не е повреден | без рестрикции | заемане за дома | 194712 | Регионална библиотека "Любен Каравелов" Русе | Регионална библиотека "Любен Каравелов" Русе | Отдел Изкуство - подръчен фонд | 1987-01-01 | Отдел Изкуство - подръчен фонд | 1.28 | 479937 | 785.161/С 20 | 479937 | 1 | 0.65 | Дост: Pk Вид: Ф N: стар фонд Дата: 01.01.1987 Дата инв: 21.06.2012 Бележки инв: * | Книги |
| Не е изгубен | Universal Decimal Classification | Не е повреден | без рестрикции | заемане за дома | 194713 | Регионална библиотека "Любен Каравелов" Русе | Регионална библиотека "Любен Каравелов" Русе | Отдел Изкуство - подръчен фонд | 1987-01-01 | Отдел Изкуство - подръчен фонд | 1.28 | 485466 | 785.161/С 20 | 120000485466 | 2 | 0.65 | Дост: Pk Вид: Сф Дата: 01.01.1987 Дата инв: 05.04.2017 Бележки инв: ИП2017 | Книги | |
| Изтеглен | Не е изгубен | Universal Decimal Classification | Не е повреден | без рестрикции | заемане за дома | 194714 | Регионална библиотека "Любен Каравелов" Русе | Регионална библиотека "Любен Каравелов" Русе | Отдел Изкуство - подръчен фонд | 1987-01-01 | Отдел Изкуство - подръчен фонд | 1.28 | 479936 | 785.161/С 20 | 479936 | 3 | 0.65 | Дост: Pk Вид: Сф Дата: 01.01.1987 Дата инв: 05.04.2017 Бележки инв: ИП2017 | Книги |